000 00721nam a2200241 4500
001 45369
010 _a9789897832000
021 _b501125/22
090 _a45369
100 _a20220810d2022 m y0pory50030103ba
101 1 _apor
102 _aPT
200 1 _aOs quatro livros
_fYan Lianke
_gtrad. Helena Briga Nogueira
210 9 _aLisboa
_cRelógio D'Água,
_dcop. 2022
215 _a293, [9] p.
_d23 cm
225 2 _aFic—cões
304 _aTít. orig.: Sishu
675 _a821.581-31"19/20"
_vBN
_zpor
700 0 _aYan,
_bLianke,
_f1958-
702 1 _aNogueira,
_bHelena Briga
_4730
801 0 _aPT
_bBN
_gRPC
856 4 1 _uhttp://rnod.bnportugal.gov.pt/ImagesBN/winlibimg.aspx?skey=&doc=2107726&img=168773&save=true
990 _cMON